000 00732cam a22002053a 4500
001 44733
003 PGUSA
005 20140828084024.0
008 140123s2014||||xxu|||||s|||||000 | eng d
040 _aPGUSA
_beng
042 _adc
100 1 _aCorson, Hiram,
_d1828-1911
245 1 3 _aAn Introduction to the Prose and Poetical Works of John Milton :
_bComprising All the Autobiographic Passages in his Works, the More Explicit Presentations of His Ideas of True Liberty.
_h[electronic resource] /
_cHiram Corson
260 _bProject Gutenberg,
_c2014
506 _aPublic domain in the USA.
516 _aElectronic text
830 0 _aProject Gutenberg
_v44733
856 4 0 _uhttp://www.gutenberg.org/ebooks/44733
942 _cEB
999 _c273984
_d273984